|
|
|
|
| LEADER |
01747nam a2200481 a 4500 |
| 001 |
nkc20051575961 |
| 003 |
CZ PrNK |
| 005 |
20220214141751.0 |
| 007 |
ta |
| 008 |
050620s2005 xr a e p 000 0 cze |
| 015 |
|
|
|a cnb001575961
|
| 020 |
|
|
|a 80-86578-22-4
|q (brož.)
|z 978-80-86578-22-4
|
| 035 |
|
|
|a (OCoLC)85158720
|
| 040 |
|
|
|a BOA001
|b cze
|d ABA001
|
| 072 |
|
7 |
|a 004.7
|x Počítačové sítě
|2 Konspekt
|9 23
|
| 072 |
|
7 |
|a 37.016
|x Učební osnovy. Vyučovací předměty. Učebnice
|2 Konspekt
|9 22
|
| 080 |
|
|
|a 004.738.12
|2 MRF
|
| 080 |
|
|
|a 004.738.12:004.41
|2 MRF
|
| 080 |
|
|
|a 004.439:004.55HTML
|2 MRF
|
| 080 |
|
|
|a (075.8)
|2 MRF
|
| 100 |
1 |
|
|a Chromý, Jan,
|d 1956-
|7 mzk2005271942
|4 aut
|
| 245 |
1 |
0 |
|a Tvorba webových stránek /
|c Jan Chromý
|
| 250 |
|
|
|a Vyd. 1.
|
| 260 |
|
|
|a Praha :
|b Vysoká škola hotelová v Praze 8,
|c 2005
|
| 300 |
|
|
|a 49 s. :
|b il. ;
|c 30 cm
|
| 500 |
|
|
|a Nad názvem: Vysoká škola hotelová v Praze 8, Katedra marketingu
|
| 500 |
|
|
|a 350 výt.
|
| 504 |
|
|
|a Obsahuje bibliografii
|
| 521 |
8 |
|
|a Určeno pro bakalářské a magisterské studium na VŠH v Praze 8
|
| 650 |
0 |
7 |
|a webové stránky
|7 ph117163
|2 czenas
|
| 650 |
0 |
7 |
|a webdesign
|7 ph249420
|2 czenas
|
| 650 |
0 |
7 |
|a HTML (značkovací jazyk)
|7 ph117008
|2 czenas
|
| 650 |
0 |
9 |
|a web sites
|2 eczenas
|
| 650 |
0 |
9 |
|a web design
|2 eczenas
|
| 650 |
0 |
9 |
|a HTML
|2 eczenas
|
| 655 |
|
7 |
|a učebnice vysokých škol
|7 fd133772
|2 czenas
|
| 655 |
|
9 |
|a textbooks (higher)
|2 eczenas
|
| 710 |
2 |
|
|a Vysoká škola hotelová v Praze.
|b Katedra marketingu
|7 ko2003192669
|
| 910 |
2 |
|
|a BOA001
|b 4-1154.673
|
| 990 |
|
|
|a BK
|
| 995 |
|
|
|a 01
|
| 991 |
|
|
|b 200508
|c NOV
|
| 996 |
6 |
|
|b 2610254551
|c 4-1154.673
|l MZK
|r Sklad / do 1 hodiny
|n 4
|p p.v.
|w 000779655
|u 000010
|a 1
|e BOA001
|j MZK50
|s P
|